| 000 | 00527nam a2200181Ia 4500 | ||
|---|---|---|---|
| 003 | OSt | ||
| 005 | 20240327093615.0 | ||
| 008 | 210210b1964 xxu||||| |||| 00| 0 eng d | ||
| 040 | _cAL | ||
| 041 | _akan | ||
| 082 | _a854/374 | ||
| 100 |
_aSUDHAKARAJI PANDITA ಸುಧಾಕರಜಿ ಪಂಡಿತ _9146946 |
||
| 245 |
_aValmiki kanda shrirama: _bವಾಲ್ಮೀಕಿ ಕಂಡ ಶ್ರೀರಾಮ |
||
| 260 |
_aBengaluru _b- _c1964 |
||
| 690 |
_aKannada Criticism _9146947 |
||
| 906 | _a020220 | ||
| 942 |
_2ddc _cBK |
||
| 999 |
_c144372 _d144372 |
||